000 00682nam a2200217Ia 4500
003 GCL
008 140319s9999 xx 000 0 ara d
040 _aGCL /
_cGCL
082 0 4 _a665.89
_bج ث
100 1 _aجون جربيين
245 1 0 _aثقب الاوزون. تهديد الانسان الطبقة الاوزون /
_cجون جربيين
700 1 _aاحمد مستجير
260 _a[S.N] :
_bجامعة القاهرة - كلية الاداب ،
_c1991
300 _a139 ص
490 _a
650 0 4 _aالاوزون
650 0 4 _aثقب الاوزون
650 0 4 _aالغازات
650 0 4 _aالغلاف الجوى الكيميائى
942 _2ddc
_cBK
999 _c53795
_d53795